00770 a2200217 4500010001400000020002300014035001300037037001600050082001100066090001700077100001800094245008100112250001300193260004400206270005500250300004100305500003200346942002500378999001700403952013200420 aENG-89455 a8120330420c450.00 aEN-72988 bDBAD / PUB14a658.87 c10956d109561 aBerman, Barry1 aRetail management:cby Barry Berman and Joel R. Evansba strategic approach/ a10th ed. aNew DelhibPrentice-Hall of Indiac2007 aM-97, Connaught Circus,bNew DelhicDelhie110001 axxii, 682p.c26cm. (Pbk)bb&w photos aIncludes glossary & index. adplcENk658.87/ BER c10654d10654 00102ddc40718NFICaDBADbDBADeDBAD/PUBg450.00l0o658.87pEN-72988r2008-09-15 00:00:00t1u11731v450.00w2008-09-15yEN